Assessing the strength of Hezbollah : hearing before the Subcommittee on Near Eastern and South and Central Asian Affairs of the Committee on Foreign Relations, United States Senate, One Hundred Eleventh Congress, second session, June 8, 2010.

Bibliographic Details
Corporate Author: United States. Congress. Senate. Committee on Foreign Relations. Subcommittee on Near Eastern and South and Central Asian Affairs
Format: Government Document eBook
Language:English
Published: Washington : U.S. G.P.O., 2010.
Series:S. hrg. ; 111-700
Subjects:
Online Access:Electronic resource (PDF)

MARC

Tag First Indicator Second Indicator Subfields
LEADER 00000cam a22000001a 4500
001 in00004118564
005 20200117092420.0
006 m d f
007 cr bn mmmapmmp
008 110422s2010 dcu o f000 0 eng d
035 |a chdc201101854 
040 |a UMI  |c UMI  |d UtOrBLW 
043 |a a-le---  |a aw-----  |a n-us---  |a a-is--- 
086 0 |a Y 4.F 76/2:S.HRG.111-700 
110 1 |a United States.  |b Congress.  |b Senate.  |b Committee on Foreign Relations.  |b Subcommittee on Near Eastern and South and Central Asian Affairs.  |0 http://id.loc.gov/authorities/names/no2008168295 
245 1 0 |a Assessing the strength of Hezbollah :  |b hearing before the Subcommittee on Near Eastern and South and Central Asian Affairs of the Committee on Foreign Relations, United States Senate, One Hundred Eleventh Congress, second session, June 8, 2010. 
264 1 |a Washington :  |b U.S. G.P.O.,  |c 2010. 
264 2 |a Washington :  |b For sale by the Supt. of Docs., U.S. G.P.O. 
300 |a iii, 55 pages, digital, PDF file. 
336 |a text  |b txt  |2 rdacontent 
337 |a computer  |b c  |2 rdamedia 
338 |a online resource  |b cr  |2 rdacarrier 
490 1 |a S. hrg. ;  |v 111-700 
500 |a Shipping list number: 2011-0108-P. 
500 |a Record is based on bibliographic data in ProQuest Congressional Hearings Digital Collection. Reuse except for individual research requires license from ProQuest, LLC. 
500 |a Electronic resource. 
533 |a Electronic reproduction.  |b [Bethesda, Md.] :  |c ProQuest,  |d 2011.  |e digital, PDF file.  |n ProQuest Congressional Hearings Digital Collection.  |n Mode of access: World Wide Web via ProQuest website. 
538 |a System requirements: PDF reader software. 
610 2 0 |a Hizballah (Lebanon)  |0 http://id.loc.gov/authorities/names/n88191600 
650 0 |a National security  |z Middle East.  |0 http://id.loc.gov/authorities/subjects/sh2008108246 
651 0 |a Lebanon  |x Politics and government  |y 1990-  |0 http://id.loc.gov/authorities/subjects/sh98002763 
651 0 |a United States  |x Foreign relations  |z Lebanon. 
651 0 |a Lebanon  |x Foreign relations  |z United States. 
651 0 |a Israel  |x Foreign relations  |z Lebanon. 
651 0 |a Lebanon  |x Foreign relations  |z Israel. 
776 0 8 |i Print version:  |a United States. Congress. Senate. Committee on Foreign Relations. Subcommittee on Near Eastern and South and Central Asian Affairs.  |t Assessing the strength of Hezbollah  |w 2011388115  |w (OCoLC)ocn691306758  |z 9780160871900  |z 0160871905 
776 0 8 |i Microfiche version:  |a United States. Congress. Senate. Committee on Foreign Relations. Subcommittee on Near Eastern and South and Central Asian Affairs.  |t Assessing the strength of Hezbollah  |d [Bethesda, Md.] : ProQuest,[2011]  |o CIS 2011 S381-13  |w (ProQuest)cis01103713 
810 1 |a United States.  |b Congress.  |b Senate.  |t S. hrg. ;  |v 111-700.  |0 http://id.loc.gov/authorities/names/n83707917 
856 4 0 |u http://proxy.library.tamu.edu/login?url=http://search.proquest.com/congcomp/getdoc?HEARING-ID=HRG-2010-FOR-0010  |y Electronic resource (PDF)  |t 0 
998 |a cis01103713 
999 f f |s 0da00541-a6ef-3336-b286-9d49f67556ea  |i ff462f18-40e7-334c-86fa-fe928ca8753d  |t 0 
952 f f |a Texas A&M University  |b College Station  |c Electronic Resources  |d Available Online  |t 0  |e Y 4.F 76/2:S.HRG.111-700  |h Superintendent of Documents classification 
998 f f |a Y 4.F 76/2:S.HRG.111-700  |t 0  |l Available Online